000 00437nam a2200181Ia 4500
003 GCL
008 140319s9999 xx 000 0 eng d
040 _aGCL /
_cGCL
082 0 4 _a792.3
_bD S
100 1 _aDAVIES, GILL
245 1 0 _aSTAGING A PANTOIMIME /
_cDAVIES, GILL
260 _a[S.N] :
_bA AND C BLACK LIMITED ،
_c1995
300 _a149 P
650 0 4 _aARTS
650 0 4 _aTHEATER
650 0 4 _aPANTOMIME
942 _2ddc
_cBK
999 _c15758
_d15758